Normal view
MARC view
- Kendall, Maurice G
Entry Personal Name
001 - CONTROL NUMBER
- control field: 39456
003 - CONTROL NUMBER IDENTIFIER
- control field: NUST
005 - DATE AND TIME OF LATEST TRANSACTION
- control field: 20210314131441.0
008 - FIXED-LENGTH DATA ELEMENTS
- fixed length control field: 210314|| aca||aabn | a|a d
040 ## - CATALOGING SOURCE
- Original cataloging agency: NUST
- Transcribing agency: NUST
100 ## - HEADING--PERSONAL NAME
- Personal name: Kendall, Maurice G
670 ## - SOURCE DATA FOUND
- Source citation: Work cat.: (NUST): Yule, G. Udny 39455, An introduction to the theory of statistics, 1950.
